College Football Sudden Death by State: Virginia - Statistics

General Stats
  • This quiz has been taken 56 times
  • The average score is 6 of 10
Answers on the Grid
Answers color-coded by a green-red scale on the quiz's grid according to % correct below.
 
Answer Stats
Answer % Correct
University of Virginia
(Charlottesville, VA)
85%
Virginia Tech
(Blacksburg, VA)
76%
Old Dominion University
(Norfolk, VA)
76%
James Madison University
(Harrisonburg, VA)
71%
William & Mary
(Williamsburg, VA)
68%
Liberty University
(Lynchburg, VA)
59%
Richmond University
(Richmond, VA)
59%
Virginia Military Institute
(Lexington City, VA)
53%
Norfolk State University
(Norfolk, VA)
50%
Hampton University
(Hampton, VA)
41%
No matching quizzes found
Score Distribution
Percent of People with Each Score
Percentile by Number Answered
Your Score History
You have not taken this quiz